Music Quiz

Random Music or Song Quiz

Last Lines of Songs III Quiz Stats

Quiz Updated Mar 22, 2015

Challenge
Share
Tweet
Embed
Score 0/16 Timer 07:00
2 Plays Today
Lyric Song Title % Correct
Everybody in the whole cell block was dancin' to the [Title].Jailhouse Rock
77.2%
Whisper words of wisdom, [Title]Let It Be
76.1%
That tonight's gonna be a good, good night.I Gotta Feeling
55.9%
And she's buying a [Title].Stairway to Heaven
55.8%
But I've got a [Title] baby, and I'll write your nameBlank Space
53%
You might just find, you get what you need.You Can't Always Get What You Want
52.7%
How wonderful life is while you're in the world.Your Song
52.5%
But till then, tramps like us baby we were [Title].Born to Run
50.2%
Lyric Song Title % Correct
Let's hear it for New York, New York, New York!Empire State of Mind
45.7%
Come to think about, his name was… it was you. Damn!Stan
35.5%
Just [Title], I'll take you there. It's like a dream to me.Like a Prayer
29.7%
Maybe tomorrow, the good Lord will take you away.Dream On
29.4%
Watch me explode!T.N.T.
25.3%
Don't you ever for a second get to thinking you're [Title].Irreplaceable
25%
It's gonna bring you down. Ha!Welcome to the Jungle
22.3%
Please check the number, or try your call again.Telephone
9.8%

You're not logged in!

Compare scores with friends on all Sporcle quizzes.
Sign Up with Email
OR
Log In

You Might Also Like...

Show Comments

Extras

Top Quizzes Today


Score Distribution

Your Account Isn't Verified!

In order to create a playlist on Sporcle, you need to verify the email address you used during registration. Go to your Sporcle Settings to finish the process.